000 01726nam a2200385 c 4500
003 BLK
005 20201030153023.0
008 180408b bul|||||r ||||||| ||bul||
010 _aKNG00095012000
020 _a954-9574-53-9
_bиздат.: Тракия-М
040 _aBLK
041 _aBUL
_cBUL
080 _aФорми на предприятията в зависимост от отношението към собствеността...
_b334.72
_x.003.2
_z334.72.003.2
080 _aФинанси на стопанските организации (вкл. финансиране и управление на финансите). Финанси на стопанския сектор
_b336.6
_x
_z336.6
080 _aФинансиране. Увеличаване на капитала.
_b658.14
_x
_z658.14
100 1 _aПетров, Георги Атанасов
_eпърви автор
_9365811
139 _aПетров, Георги Атанасов
_bП 47
245 1 0 _aОснови на финансите на фирмата
_cГеорги Атанасов Петров.
250 _a6. изд.
257 _aBGR
260 София
_bТракия-М
_c2000
300 _a228 с.
_c24 см
380 _a3
500 _a1. изд. 1995 на изд. Труд и право. - Офс. изд.
650 4 _aСтопански предприятия - финанси
_9262232
650 4 _aФирми - финанси
_9244620
653 _aстопански предприятия
653 _aфирми
653 _aфинанси
852 _aЦб 241070
856 4 _qpdf
_u
856 4 _qpdf
_u
942 _cKNG
_n0
_01
944 _aCR
_c29.03.2010
_lф /
_kЛюдмила_Стоянова
944 _aED
_c21.04.2010
_lф /
_k
999 _c90273
_d90273